Statistics for FIA Formula 1 World Driver's Championship

Click here to take the quiz!

General Stats

  • This quiz has been taken 551 times
    (426 since last reset)
  • The average score is 57 of 65

Answer Stats

HintAnswer% Correct
2014Lewis Hamilton
99%
2008Lewis Hamilton
99%
1995Michael Schumacher
99%
2001Michael Schumacher
99%
2002Michael Schumacher
99%
2004Michael Schumacher
99%
2003Michael Schumacher
99%
2012Sebastian Vettel
99%
2011Sebastian Vettel
99%
2013Sebastian Vettel
99%
2010Sebastian Vettel
99%
1991Ayrton Senna
98%
1988Ayrton Senna
98%
1990Ayrton Senna
98%
2006Fernando Alonso
98%
2005Fernando Alonso
98%
2000Michael Schumacher
98%
1994Michael Schumacher
98%
1985Alain Prost
97%
1986Alain Prost
97%
1989Alain Prost
97%
1993Alain Prost
97%
2009Jenson Button
97%
2007Kimi Raikkonen
97%
1996Damon Hill
93%
1968Graham Hill
93%
1962Graham Hill
93%
1984Niki Lauda
93%
1975Niki Lauda
93%
1977Niki Lauda
93%
1957Juan Manuel Fangio
92%
1954Juan Manuel Fangio
92%
1951Juan Manuel Fangio
92%
1956Juan Manuel Fangio
92%
1955Juan Manuel Fangio
92%
1999Mika Hakkinen
92%
1998Mika Hakkinen
92%
1961Phil Hill
92%
1992Nigel Mansell
88%
1997Jacques Villeneuve
87%
1973Jackie Stewart
84%
1971Jackie Stewart
84%
1969Jackie Stewart
84%
1976James Hunt
84%
1987Nelson Piquet
84%
1983Nelson Piquet
84%
1981Nelson Piquet
84%
1953Alberto Ascari
83%
1952Alberto Ascari
83%
1982Keke Rosberg
82%
1950Giuseppe Farina
80%
1974Emerson Fittipaldi
79%
1972Emerson Fittipaldi
79%
1966Jack Brabham
77%
1960Jack Brabham
77%
1959Jack Brabham
77%
1965Jim Clark
76%
1963Jim Clark
76%
1979Jody Scheckter
72%
1980Alan Jones
69%
1978Mario Andretti
67%
1958Mike Hawthorn
65%
1970Jochen Rindt
63%
1964John Surtees
63%
1967Denny Hulme
60%

Score Distribution

Percentile by Number Answered

Percent of People with Each Score

Your Score History

You have not taken this quiz since the last reset